000 00326nam a2200145Ia 4500
003 OSt
008 191201s2018 xx 000 0 und d
082 _a658.421
_bHIE
100 _aHISRICH, Robert D
245 0 _aEntrepreneurship
260 _bTMH
_c2018
_aNew Delhi
300 _a580
650 _aB.Tech(ME)
942 _2ddc
_cBK
999 _c6837
_d6837